| 000 | 01264nabaa22002177a 4500 | ||
|---|---|---|---|
| 999 |
_c6195 _d6195 |
||
| 003 | OSt | ||
| 005 | 20260125194542.0 | ||
| 008 | 190701b xxu||||| |||| 00| 0 spa d | ||
| 040 | _cPJ | ||
| 100 |
_95531 _aSanguinetti, Juan Carlos |
||
| 245 | 1 | 3 |
_aLa regulación de los recursos directos en la "Ley de Bases" / _cJuan Carlos Sanguinetti. |
| 300 | _ap. 124-133 | ||
| 500 | _aCita: TR LALEY AR/DOC/2165/2024 | ||
| 505 | _aSumario: I. Introducción.— II. El recurso directo como vía de impugnación de actos dictados por autoridades administrativas.— III. El plazo de interposición del recurso.— IV. El rol de la administración luego de la interposición del recurso.— V. La producción de prueba en el marco de un recurso directo.— VI. El pago previo de las sanciones pecuniarias como requisito de admisibilidad de un recurso directo.— VII. Conclusiones. | ||
| 505 | _t¿Te interesa el texto completo? Comunicate al correo: koha@justierradelfuego.gov.ar | ||
| 650 | 0 |
_9211 _aDERECHO ADMINISTRATIVO |
|
| 650 | 0 |
_91135 _aPROCEDIMIENTO ADMINISTRATIVO |
|
| 650 | 0 |
_aREFORMA DEL ESTADO _93177 |
|
| 773 | 0 |
_02842 _93251 _dBuenos Aires : AbeledoPerrot, 2012- _oDA121 _tDerecho administrativo. Nº 155 septiembre/octubre 2024 _z18510590 |
|
| 942 |
_2udc _cANA |
||